| 000 | 01674nam a2200349 c 4500 | ||
|---|---|---|---|
| 999 |
_c60269 _d60269 |
||
| 003 | BLK | ||
| 005 | 20221206171548.0 | ||
| 008 | 180408b bul|||||r ||||||| ||bul|| | ||
| 010 | _aKNG00064413000 | ||
| 040 | _aBLK | ||
| 041 |
_aBUL _cBUL |
||
| 080 |
_aЕлектротехника _b621.3 _x(075.8) _z621.3(075.8) |
||
| 080 |
_aЕлектроника.Фотоелектроника.Електронни лампи и тръби.Рентгенова техника.Ускорители. Вж и 615.84; 616-073.7; 621.3.032 _b621.38 _x(075.8) _z621.38(075.8) |
||
| 100 | 1 |
_aЦанов, Димчо Димитров _9369918 |
|
| 139 |
_aЦанов, Димчо Димитров и др. _bЦ 18 |
||
| 245 | 1 | 0 |
_aЕлектротехника и електроника _bУчебник за студентите от ВМЕИ В. И. Ленин - София _cДимчо Димитров Цанов; съавт. Мария Н. Стоянова; съавт. Илия Т. Димов. |
| 257 | _aBGR | ||
| 260 |
_bТехника _c1983 _fХасково : Ат. Стратиев _aСофия |
||
| 300 |
_a463 с. _bсъс сх., табл., диагр. _c22 см |
||
| 380 | _a62 | ||
| 500 | _aБиблиогр. с. 458 | ||
| 504 | _a458 | ||
| 650 | 4 |
_aЕлектротехника - учебници за ВУЗ _9243545 |
|
| 650 | 4 |
_aЕлектроника - учебници за ВУЗ _9243546 |
|
| 700 | 1 |
_aСтоянова, Мария Н. _eсъавт. _9289806 |
|
| 700 | 1 |
_aДимов, Илия Т. _eсъавт. _9289807 |
|
| 852 |
_aЦб 122545 _bЦб |
||
| 856 | 4 | _qpdf | |
| 856 | 4 | _qpdf | |
| 942 |
_cKNG _n0 _s1 |
||
| 944 |
_aCR _c13.06.2004 |
||
| 944 |
_aED _c2020-06-16 |
||
| 999 | _d60269 | ||